Statystyki dla Losowe Trudne flagi

Kliknij tutaj aby rozwiązać quiz!

Ogólne statystyki

  • Ten quiz został rozwiązany 305 razy
    (302 od ostatniego zresetowania)
  • Średni wynik to 4 z 8

Statystyki odpowiedzi

Odpowiedź% Poprawnych
Grenlandia
90%
Nauru
79%
TimorWschodni
77%
Wyspy kokosowe
53%
Cesarstwo Rzymskie
38%
Qing
21%
Saint Pierre i Miquelon
16%
Timurydzi
7%

Rozkład punktacji

Percentyl według liczby udzielonych odpowiedzi

Procent ludzi z każdym wynikiem

Twoja historia wyników

Nie rozwiązałeś tego quizu od ostatniego zresetowania